Painting and decorating: A guide for houseowner and decorator (Record no. 31337)

MARC details
000 -LEADER
fixed length control field 00308nam a2200109Ia 4500
082 ## - DEWEY DECIMAL CLASSIFICATION NUMBER
Classification number 698.12
Item number GOO
100 ## - MAIN ENTRY--AUTHOR NAME
Personal name Goodier, J H
245 #0 - TITLE STATEMENT
Title Painting and decorating: A guide for houseowner and decorator
260 ## - PUBLICATION, DISTRIBUTION, ETC. (IMPRINT)
Place of publication Great Britain
Name of publisher G Godwin
Year of publication 1977
942 ## - ADDED ENTRY ELEMENTS (KOHA)
Koha item type Books
Holdings
Withdrawn status Lost status Damaged status Not for loan Home library Current library Date acquired Cost, normal purchase price Full call number Accession Number Koha item type
        RRII Library RRII Library 16/12/2021 4.20 698.12 GOO 11884 Books